000 00679nam a22001937a 4500
005 20251108165320.0
008 250721s1974 xx 000 0 ara d
082 1 4 _a956.612/عثم
100 1 _aالحنبلي، عثمان بن عبد الله بن بشير النجدي
245 1 0 _aعنوان المجد في تاريخ نجد /
264 1 _aالرياض :
_bوزارة المعارف،
_c1974.
300 _a2ج في مجلد واحد
650 1 7 _aالسعودية
650 1 7 _aالتاريخ
650 1 7 _aنجد
700 1 _aآل الشيخ، عبد الرحمن بن عبد اللطيف بن عبد الله
_eتحقيق
942 _2ddc
_cBK
999 _c24905
_d24905